[Event "Penang op 15th"]
[Site "Penang"]
[Date "2023.12.22"]
[Round "8"]
[White "Masli, Muhd Nur Daie"]
[Black "Villanueva, Nelson"]
[Result "1/2-1/2"]
[WhiteElo "1842"]
[BlackElo "2119"]
[PlyCount "81"]
[EventDate "2023.12.18"]
[EventType "swiss"]
[EventRounds "9"]
[EventCountry "MAS"]
[SourceTitle "CB52_2023"]
[SourceDate "2023.12.27"]
[SourceVersion "1"]
[SourceVersionDate "2023.12.27"]
[SourceQuality "1"]

1. e4 c5 2. Nf3 d6 3. d4 cxd4 4. Nxd4 Nf6 5. Nc3 a6 6. Bg5 e6 7. f4 Be7 8. Qf3 Qc7 9. 0-0-0 b5 10. e5 Bb7 11. Qg3 dxe5 12. fxe5 Nh5 13. Qh4 g6 14. Bxb5+ axb5 15. Ndxb5 Bxg5+ 16. Qxg5 Qe7 17. Nd6+ Kf8 18. Qh6+ Kg8 19. Rhf1 Bxg2 20. Rxf7 Qxf7 21. Nxf7 Kxf7 22. Qd2 Bc6 23. Qd6 Ra7 24. Qc5 Rb7 25. b4 Nf4 26. b5 Bg2 27. Qf2 g5 28. Ne2 Be4 29. Nxf4 gxf4 30. Qh4 Rf8 31. Qxf4+ Bf5 32. Qh6 Nd7 33. Qh5+ Kg7 34. Qg5+ Kf7 35. Qh5+ Ke7 36. Qg5+ Ke8 37. a4 Kf7 38. Qh5+ Ke7 39. Qg5+ Kf7 40. Qh5+ Ke7 41. Qg5+ 1/2-1/2

[Event "Pattaya op 1st"]
[Site "Pattaya"]
[Date "2019.07.15"]
[Round "8"]
[White "Villanueva, Nelson"]
[Black "Kulpruethanon, Thanadon"]
[Result "1/2-1/2"]
[WhiteElo "2140"]
[BlackElo "2241"]
[PlyCount "100"]
[EventDate "2019.07.09"]
[EventType "swiss"]
[EventRounds "9"]
[EventCountry "THA"]
[SourceTitle "EXT 2020"]
[Source "ChessBase"]
[SourceDate "2019.10.17"]
[SourceVersion "1"]
[SourceVersionDate "2019.10.17"]
[SourceQuality "1"]

1. e4 c5 2. Nf3 Nc6 3. Bb5 g6 4. 0-0 Bg7 5. Re1 Nf6 6. e5 Nd5 7. Nc3 Nc7 8. Bxc6 dxc6 9. Ne4 Ne6 10. d3 0-0 11. Be3 b6 12. Qd2 Nd4 13. Nxd4 cxd4 14. Bh6 Bf5 15. Ng3 Be6 16. Qf4 Qd7 17. Qh4 Rae8 18. Ne2 c5 19. Nf4 Bf5 20. f3 Qc6 21. Re2 c4 22. Rae1 cxd3 23. cxd3 Qb5 24. Bxg7 Kxg7 25. g4 Bxd3 26. Rd2 Bc4 27. b3 Bd5 28. Qf2 Bb7 29. Rxd4 Rd8 30. e6 Rxd4 31. Qxd4+ f6 32. Re3 Rc8 33. Qd7 Qc5 34. Kf2 Qc7 35. Qxc7 Rxc7 36. Rd3 Bc8 37. Rd8 g5 38. Nh5+ Kh6 39. Nxf6 exf6 40. e7 Rxe7 41. Rxc8 Kg6 42. b4 h5 43. Rg8+ Kh7 44. Ra8 hxg4 45. fxg4 Kg6 46. h3 Rc7 47. a4 Rc4 48. Rxa7 Rxb4 49. Ra6 Rb3 50. Kg2 Rb4 1/2-1/2

[Event "Abu Dhabi op 25th"]
[Site "Abu Dhabi"]
[Date "2018.08.15"]
[Round "9"]
[White "Srija, Seshadri"]
[Black "Villanueva, Nelson"]
[Result "1-0"]
[WhiteElo "2255"]
[BlackElo "2133"]
[PlyCount "81"]
[EventDate "2018.08.07"]
[EventType "swiss"]
[EventRounds "9"]
[EventCountry "UAE"]
[SourceTitle "CBM 185 Extra"]
[Source "ChessBase"]
[SourceDate "2018.07.29"]
[SourceVersion "1"]
[SourceVersionDate "2018.07.29"]
[SourceQuality "1"]

1. e4 c6 2. d4 d5 3. e5 Bf5 4. Nf3 e6 5. Be2 Ne7 6. 0-0 Ng6 7. Ne1 h5 8. c3 c5 9. Nc2 Nc6 10. Ne3 Bxb1 11. Rxb1 cxd4 12. cxd4 Qb6 13. Nc2 h4 14. Be3 Nge7 15. b4 Nf5 16. b5 Na5 17. Bd3 g6 18. Qe1 Rc8 19. Bd2 Nc4 20. Bxc4 Nxd4 21. Nxd4 Qxd4 22. Bb3 h3 23. Qe3 Bc5 24. Rfc1 Qg4 25. Qg3 Qe4 26. gxh3 Rh5 27. Be3 d4 28. Bc2 Qd5 29. Bf4 g5 30. Bd2 Qxa2 31. Qf3 d3 32. Qxd3 Rd8 33. Qc3 Bxf2+ 34. Kxf2 Rxh3 35. Qxh3 Rxd2+ 36. Ke1 Rxc2 37. Qd3 Qa5+ 38. Kd1 Rxc1+ 39. Rxc1 Qa4+ 40. Ke2 Qg4+ 41. Qf3 1-0

[Event "Abu Dhabi op 25th"]
[Site "Abu Dhabi"]
[Date "2018.08.11"]
[Round "4"]
[White "Villanueva, Nelson"]
[Black "Michelle, Catherina P"]
[Result "1/2-1/2"]
[WhiteElo "2133"]
[BlackElo "2153"]
[PlyCount "156"]
[EventDate "2018.08.07"]
[EventType "swiss"]
[EventRounds "9"]
[EventCountry "UAE"]
[SourceTitle "CBM 185 Extra"]
[Source "ChessBase"]
[SourceDate "2018.07.29"]
[SourceVersion "1"]
[SourceVersionDate "2018.07.29"]
[SourceQuality "1"]

1. d4 Nf6 2. Nf3 e6 3. c4 d5 4. g3 Bb4+ 5. Bd2 Bd6 6. Qc2 0-0 7. Bg2 c6 8. 0-0 Nbd7 9. Rd1 Ne4 10. Nc3 f5 11. Ne1 Ndf6 12. b3 Nxd2 13. Qxd2 Bd7 14. Nd3 Be8 15. f3 Bc7 16. Nc5 Qe7 17. Qe3 Bf7 18. cxd5 Nxd5 19. Nxd5 cxd5 20. Rac1 Bd6 21. Nd3 Kh8 22. Ne5 g5 23. Rc2 Be8 24. f4 gxf4 25. Qxf4 Rd8 26. e3 Qf6 27. Rdc1 Bh5 28. a4 Rg8 29. b4 Be8 30. b5 Bh5 31. a5 Qg5 32. a6 bxa6 33. bxa6 Qxf4 34. exf4 Bxe5 35. dxe5 Be8 36. Rc7 Rg7 37. Rb7 Kg8 38. Bf1 Kf8 39. Kf2 Re7 40. Ke3 d4+ 41. Kd2 h6 42. Rxe7 Kxe7 43. Rc7+ Rd7 44. Rb7 Kf8 45. Bc4 Re7 46. Kd3 Bc6 47. Rxe7 Kxe7 48. Kxd4 Bg2 49. Kc5 Bf3 50. Bb5 Bg2 51. h3 h5 52. h4 Bf3 53. Bc4 Kd7 54. Bd3 Kc7 55. Bb5 Bd1 56. Kd4 Bf3 57. Bc4 Kd7 58. Ke3 Bd1 59. Ba2 Ke7 60. Bb1 Kd7 61. Bd3 Kc7 62. Bb5 Kd8 63. Bc6 Kc7 64. Bb7 Kd7 65. Kd2 Bg4 66. Bg2 Kc7 67. Bf1 Bf3 68. Bc4 Kd7 69. Bb3 Ke7 70. Ba4 Kd8 71. Ke3 Bg4 72. Kd4 Be2 73. Kc5 Kc7 74. Be8 Bf3 75. Bg6 Kd7 76. Bf7 Ke7 77. Bg6 Kd7 78. Bf7 Ke7 1/2-1/2

[Event "Abu Dhabi op 25th"]
[Site "Abu Dhabi"]
[Date "2018.08.08"]
[Round "2"]
[White "Villanueva, Nelson"]
[Black "Pranav, Anand"]
[Result "0-1"]
[WhiteElo "2133"]
[BlackElo "2260"]
[PlyCount "94"]
[EventDate "2018.08.07"]
[EventType "swiss"]
[EventRounds "9"]
[EventCountry "UAE"]
[SourceTitle "CBM 185 Extra"]
[Source "ChessBase"]
[SourceDate "2018.07.29"]
[SourceVersion "1"]
[SourceVersionDate "2018.07.29"]
[SourceQuality "1"]

1. d4 Nf6 2. c4 e6 3. Nf3 d5 4. g3 dxc4 5. Bg2 a6 6. Ne5 Bb4+ 7. Nc3 Nd5 8. 0-0 0-0 9. Qc2 b5 10. Rd1 Bb7 11. Ne4 f6 12. Nf3 Nd7 13. b3 cxb3 14. axb3 Qe7 15. Bb2 Rac8 16. h4 c5 17. dxc5 Nxc5 18. Nxc5 Bxc5 19. Qb1 Nb4 20. e3 Rfd8 21. Rxd8+ Rxd8 22. Ne1 Bxg2 23. Nxg2 e5 24. h5 Qf7 25. Bc3 Qxh5 26. Qe4 Rd1+ 27. Rxd1 Qxd1+ 28. Kh2 Qxb3 29. Bxb4 Bxb4 30. Qa8+ Bf8 31. Qxa6 b4 32. Nh4 Qf7 33. Qc8 g6 34. Qb8 Qa2 35. Kg2 Qd5+ 36. Nf3 h5 37. Qb6 Kf7 38. Qc7+ Be7 39. Qc2 b3 40. Qc7 g5 41. e4 Qxe4 42. Qc3 g4 43. Qxb3+ Kg7 44. Qe6 Qxf3+ 45. Kh2 Qxf2+ 46. Kh1 Qf1+ 47. Kh2 Qf5 0-1

[Event "Abu Dhabi op 25th"]
[Site "Abu Dhabi"]
[Date "2018.08.07"]
[Round "1"]
[White "Krishna Teja, N."]
[Black "Villanueva, Nelson"]
[Result "1-0"]
[WhiteElo "2389"]
[BlackElo "2133"]
[PlyCount "81"]
[EventDate "2018.08.07"]
[EventType "swiss"]
[EventRounds "9"]
[EventCountry "UAE"]
[SourceTitle "CBM 185 Extra"]
[Source "ChessBase"]
[SourceDate "2018.07.29"]
[SourceVersion "1"]
[SourceVersionDate "2018.07.29"]
[SourceQuality "1"]

1. d4 Nf6 2. c4 g6 3. Nc3 d5 4. Nf3 Bg7 5. Qb3 dxc4 6. Qxc4 0-0 7. e4 Nc6 8. h3 Nd7 9. Be3 Nb6 10. Qc5 f5 11. e5 e6 12. Rd1 a6 13. Be2 h6 14. d5 exd5 15. Nxd5 Nxd5 16. Bc4 Nce7 17. Bxd5+ Nxd5 18. Rxd5 Qe8 19. Qxc7 Be6 20. Rd6 f4 21. Bd2 Rc8 22. Qxb7 Bc4 23. Bc3 Bb5 24. Qd5+ Kh7 25. Kd2 Bc4 26. Qe4 Bxa2 27. Ra1 Rd8 28. Qd3 Bb3 29. Raxa6 Rxd6 30. Rxd6 Rf5 31. Rxg6 Qxg6 32. Nh4 Qb6 33. Qxf5+ Kg8 34. Qxf4 Qd8+ 35. Qd4 Qg5+ 36. Ke2 Qc1 37. Qd8+ Bf8 38. Qd3 Bc5 39. Nf5 Qf4 40. Qd8+ Bf8 41. Ne7+ 1-0

[Event "Hanoi HD Bank op-B 8th"]
[Site "Hanoi"]
[Date "2018.03.10"]
[Round "2"]
[White "Nguyen, Thi Minh Oanh"]
[Black "Villanueva, Nelson"]
[Result "1-0"]
[WhiteElo "1838"]
[BlackElo "2094"]
[PlyCount "67"]
[EventDate "2018.03.10"]
[EventType "swiss"]
[EventRounds "9"]
[EventCountry "VIE"]
[SourceTitle "CBM 183 Extra"]
[Source "ChessBase"]
[SourceDate "2018.04.19"]
[SourceVersion "1"]
[SourceVersionDate "2018.04.19"]
[SourceQuality "1"]

1. d4 Nf6 2. Nf3 d5 3. Bg5 c5 4. Bxf6 gxf6 5. e3 Nc6 6. c3 e5 7. dxc5 Bxc5 8. Nbd2 Rg8 9. Nb3 Be7 10. Qc2 f5 11. 0-0-0 Be6 12. Bb5 Qc7 13. g3 a6 14. Be2 Rc8 15. Kb1 Qb6 16. Qd2 a5 17. Nc1 a4 18. c4 dxc4 19. Bxc4 Nb4 20. Nxe5 f6 21. Qd7+ Bxd7 22. Bf7+ Kf8 23. Nxd7+ Kxf7 24. Nxb6 Rc6 25. Nxa4 Bd6 26. Nc3 Be5 27. N1e2 Ra8 28. Rd7+ Ke6 29. Rhd1 Rb6 30. Nf4+ Bxf4 31. exf4 Ra5 32. Rxh7 Rc5 33. Rdd7 Nc6 34. Na4 1-0

[Event "Hong Kong Jolimark op"]
[Site "Hong Kong"]
[Date "2017.12.27"]
[Round "9"]
[White "Chan, Jia Jie Alexander"]
[Black "Villanueva, Nelson"]
[Result "0-1"]
[WhiteElo "1756"]
[BlackElo "2082"]
[PlyCount "132"]
[EventDate "2017.12.23"]
[EventType "swiss"]
[EventRounds "9"]
[EventCountry "HKG"]
[SourceTitle "CBM 182 Extra"]
[Source "ChessBase"]
[SourceDate "2018.02.23"]
[SourceVersion "1"]
[SourceVersionDate "2018.02.23"]
[SourceQuality "1"]

1. e4 e6 2. d4 c5 3. Nf3 cxd4 4. Nxd4 Nc6 5. Nxc6 bxc6 6. Bd3 Ne7 7. 0-0 Ng6 8. Nd2 Be7 9. Nf3 0-0 10. c4 Bf6 11. Re1 d6 12. Qa4 Qc7 13. Rb1 Rb8 14. b3 c5 15. Bd2 Bd7 16. Qa3 Ne5 17. Nxe5 Bxe5 18. Qa5 Qc6 19. f4 Bd4+ 20. Be3 Bf6 21. Bf2 Be7 22. Rbd1 Bd8 23. Qd2 a5 24. Bc2 Bc7 25. e5 Rb6 26. Be4 d5 27. cxd5 exd5 28. Bxd5 Qh6 29. Bxc5 Rd8 30. Be7 Rbb8 31. Bxd8 Rxd8 32. Bc4 g6 33. Qe2 Kg7 34. e6 Qxf4 35. Qb2+ f6 36. exd7 Qxh2+ 37. Kf2 Bb6+ 38. Re3 Qf4+ 39. Ke1 Qxe3+ 40. Qe2 Qg1+ 41. Qf1 Qh2 42. Qe2 Bc5 43. Rd3 h5 44. Qf3 Qe5+ 45. Qe2 Bb4+ 46. Kf1 Qh2 47. Qf2 Qc7 48. Qd4 Bc5 49. Qe4 Rxd7 50. Rxd7+ Qxd7 51. Bd3 Qf7 52. Bc4 Qc7 53. Bd3 f5 54. Qc4 Qe5 55. Qc2 Qe3 56. Qc3+ Kh7 57. Qc2 Qg1+ 58. Ke2 Qxg2+ 59. Kd1 Qg1+ 60. Ke2 h4 61. Bxf5 Qf2+ 62. Kd1 Qf3+ 63. Kc1 Qxf5 64. Qc4 Ba3+ 65. Kd2 Bb4+ 66. Kc1 Qc5 0-1

[Event "Hong Kong Jolimark op"]
[Site "Hong Kong"]
[Date "2017.12.25"]
[Round "5"]
[White "Oh, Benjamin Yao Teng"]
[Black "Villanueva, Nelson"]
[Result "1/2-1/2"]
[WhiteElo "1855"]
[BlackElo "2082"]
[PlyCount "118"]
[EventDate "2017.12.23"]
[EventType "swiss"]
[EventRounds "9"]
[EventCountry "HKG"]
[SourceTitle "CBM 182 Extra"]
[Source "ChessBase"]
[SourceDate "2018.02.23"]
[SourceVersion "1"]
[SourceVersionDate "2018.02.23"]
[SourceQuality "1"]

1. e4 c6 2. d4 d5 3. Nd2 dxe4 4. Nxe4 Bf5 5. Ng3 Bg6 6. h4 h6 7. Nf3 Nd7 8. h5 Bh7 9. Bd3 Bxd3 10. Qxd3 e6 11. Bf4 Ngf6 12. 0-0-0 a5 13. Rhe1 Be7 14. Ne5 0-0 15. Kb1 a4 16. a3 Nxe5 17. dxe5 Qxd3 18. Rxd3 Nd5 19. Bd2 b5 20. Re4 Rfd8 21. Rg4 Kf8 22. Ne4 f5 23. exf6 Nxf6 24. Rf3 Rxd2 25. Nxd2 Rd8 26. Ne4 Rd1+ 27. Ka2 Rc1 28. Nxf6 Bxf6 29. c3 Rc2 30. Re4 Ke7 31. Rfe3 Rxf2 32. Rxe6+ Kd7 33. Re2 Rxg2 34. Re7+ Kd6 35. Rxg2 Kxe7 36. Rg6 c5 37. c4 bxc4 38. Rg4 Bd4 39. Kb1 Ke6 40. Kc2 Kf5 41. Rg3 Kf4 42. Rg2 Bf6 43. Rg1 Bd4 44. Rg2 Kf3 45. Rg6 Bf6 46. Rg1 Kf4 47. Rg2 Kf5 48. Rg3 g5 49. hxg6 Bg7 50. Rg1 h5 51. Rg2 h4 52. Rh2 Kg4 53. Rg2+ Kh5 54. Rh2 Kg4 55. Rg2+ Kf4 56. Rf2+ Kg5 57. Rg2+ Kh5 58. Rh2 Bf6 59. Rg2 Bg7 1/2-1/2

[Event "Hong Kong Jolimark op"]
[Site "Hong Kong"]
[Date "2017.12.25"]
[Round "6"]
[White "Villanueva, Nelson"]
[Black "Zhou, Aiden"]
[Result "1-0"]
[WhiteElo "2082"]
[BlackElo "1902"]
[PlyCount "91"]
[EventDate "2017.12.23"]
[EventType "swiss"]
[EventRounds "9"]
[EventCountry "HKG"]
[SourceTitle "CBM 182 Extra"]
[Source "ChessBase"]
[SourceDate "2018.02.23"]
[SourceVersion "1"]
[SourceVersionDate "2018.02.23"]
[SourceQuality "1"]

1. d4 Nf6 2. c4 Nc6 3. Nf3 e6 4. g3 d5 5. Bg2 dxc4 6. 0-0 Bd6 7. Qa4 0-0 8. Rd1 Bd7 9. Qxc4 Rb8 10. Nc3 b5 11. Qd3 b4 12. Ne4 Nxe4 13. Qxe4 h6 14. Bf4 Ne7 15. Rac1 Nd5 16. Ne5 Nxf4 17. gxf4 Rb5 18. e3 Ra5 19. Qb1 Bb5 20. b3 Qe7 21. Qc2 Rc8 22. Qd2 f6 23. Nc6 Bxc6 24. Rxc6 Rb8 25. a4 Rb6 26. Rdc1 Raa6 27. R6c2 Ra5 28. Qd3 Kf8 29. d5 e5 30. fxe5 Bxe5 31. Rc4 Bc3 32. Qh7 Rc5 33. Re4 Be5 34. Rxc5 Qxc5 35. f4 Qc1+ 36. Bf1 Rd6 37. fxe5 Rxd5 38. Qh8+ Kf7 39. Qc8 Rxe5 40. Rxe5 fxe5 41. Qf5+ Kg8 42. Qxe5 Qd1 43. Qe8+ Kh7 44. Qe4+ Kg8 45. Qxb4 Qc1 46. Qc4+ 1-0

[Event "Hong Kong Jolimark op"]
[Site "Hong Kong"]
[Date "2017.12.23"]
[Round "2"]
[White "Villanueva, Nelson"]
[Black "Yu, Zhengwen"]
[Result "1-0"]
[WhiteElo "2082"]
[BlackElo "1584"]
[PlyCount "61"]
[EventDate "2017.12.23"]
[EventType "swiss"]
[EventRounds "9"]
[EventCountry "HKG"]
[SourceTitle "CBM 182 Extra"]
[Source "ChessBase"]
[SourceDate "2018.02.23"]
[SourceVersion "1"]
[SourceVersionDate "2018.02.23"]
[SourceQuality "1"]

1. d4 Nf6 2. c4 c5 3. d5 b5 4. cxb5 a6 5. e3 g6 6. Nc3 Bg7 7. Nf3 d6 8. Be2 Nbd7 9. 0-0 0-0 10. e4 Ng4 11. a4 Nge5 12. Nd2 Nb6 13. a5 axb5 14. Bxb5 Bd7 15. Be2 c4 16. Ra2 Nc8 17. f4 Nd3 18. Nxc4 Bd4+ 19. Be3 Bxe3+ 20. Nxe3 Nb4 21. Ra3 Rxa5 22. Qd4 Rxa3 23. bxa3 Nc6 24. dxc6 Bxc6 25. Ncd5 Re8 26. Rc1 e5 27. fxe5 dxe5 28. Qc5 Bd7 29. Bg4 Bxg4 30. Nxg4 Kg7 31. Ndf6 1-0